[Event "GER-ch 79th"]
[Site "Bad Woerishofen "]
[Date "2008.02.21"]
[Round "7"]
[White "Heinig, Wolfram"]
[Black "Sieber, Patrick"]
[Result "1-0"]
[WhiteElo "2338"]
[BlackElo "2236"]
[EventDate "2008.02.15"]
[PlyCount "195"]

1. d4 f5 2. Nf3 Nf6 3. g3 g6 4. Bg2 Bg7 5. O-O O-O 6. c4 d6 7. Nc3 Qe8 8. d5 a5 9. e4 fxe4 10. Ng5 c6 11. Ncxe4 Nxe4 12. Nxe4 Nd7 13. h3 Nf6 14. Ng5 h6 15. Nf3 cxd5 16. cxd5 Bd7 17. Nd4 Qf7 18. Ne6 Bxe6 19. dxe6 Qxe6 20. Bxb7 Rab8 21. Bg2 Kh7 22. Re1 Qf7 23. Re2 Rb5 24. Be3 Nd5 25. Bd4 e5 26. a4 Rb4 27. Bxd5 Qxd5 28. Bc3 Qxd1+ 29. Rxd1 Rxa4 30. Rxd6 Rf7 31. Kg2 Rb7 32. Red2 Rc4 33. Bxa5 e4 34. Rd7 Rxd7 35. Rxd7 Kg8 36. b3 Rc5 37. b4 Re5 38. Bb6 Bf8 39. Rd4 Rb5 40. Ba5 Re5 41. Rc4 e3 42. fxe3 Rxe3 43. Bb6 Rb3 44. Bc5 Bg7 45. Re4 Bc3 46. Kf2 Kh7 47. Ke2 Kg7 48. Re3 Kf7 49. Kf3 Bxb4 50. Rxb3 Bxc5 51. Ke4 Be7 52. Ke5 Bf6+ 53. Kd5 h5 54. Rb7+ Kg8 55. Ke6 Bc3 56. Rc7 Bb2 57. Rc4 Kg7 58. g4 hxg4 59. Rxg4 Bc3 60. Rc4 Bb2 61. Rc7+ Kg8 62. Kd5 Bf6 63. Rb7 Bc3 64. Ke4 Bf6 65. Kf4 Kf8 66. Kg4 Kg8 67. Kf4 Kf8 68. Ke4 Kg8 69. Kd5 Bc3 70. Ke6 Bd4 71. Rc7 Bb2 72. h4 Bd4 73. Rc4 Bb2 74. Rg4 Kh7 75. Kf7 Kh6 76. Rxg6+ Kh5 77. Rg2 Bc3 78. Rh2 Be5 79. Rh1 Bd6 80. Kf6 Bc7 81. Kf5 Bd6 82. Ke4 Be7 83. Kf4 Bd6+ 84. Kf5 Be7 85. Re1 Bc5 86. Rc1 Bf2 87. Rc2 Bd4 88. Rc7 Kh6 89. Kg4 Be3 90. Rc6+ Kh7 91. Kh5 Bf4 92. Rf6 Bg3 93. Rf7+ Kg8 94. Rf3 Be1 95. Re3 Bf2 96. Re2 Bd4 97. Kg6 Kf8 98. h5 1-0

[Event "GER-ch 79th"]
[Site "Bad Woerishofen "]
[Date "2008.02.21"]
[Round "7"]
[White "Huschenbeth, Niclas"]
[Black "Graf, Felix"]
[Result "1/2-1/2"]
[WhiteElo "2437"]
[BlackElo "2177"]
[EventDate "2008.02.15"]
[PlyCount "174"]

1. e4 e6 2. d4 d5 3. Nc3 Nf6 4. e5 Nfd7 5. f4 c5 6. Nf3 Nc6 7. Be3 a6 8. Qd2 b5 9. a3 Qb6 10. Ne2 c4 11. g4 b4 12. axb4 Bxb4 13. c3 Be7 14. f5 Na5 15. Ra2 Nb3 16. Qc2 f6 17. Bf2 fxe5 18. dxe5 Bc5 19. Ned4 Bxd4 20. cxd4 Nb8 21. f6 Ra7 22. Be2 Nc6 23. Qc3 Qb4 24. O-O Qxc3 25. bxc3 O-O 26. Bh4 g6 27. Bg5 Nd8 28. Bh6 Rff7 29. h4 Rfb7 30. h5 Bd7 31. hxg6 hxg6 32. Bd1 Be8 33. Rh2 Rh7 34. Ng5 Rh8 35. Kg2 Nf7 36. Nxf7 Rxf7 37. Bg7 Rxh2+ 38. Kxh2 Nd2 39. Rh1 Ne4 40. Kg2 Rxg7 41. fxg7 Nxc3 42. Rh8+ Kxg7 43. Rxe8 Kf7 44. Ra8 Nxd1 45. Ra7+ Kf8 46. Rxa6 Ke7 47. Ra7+ Kf8 48. Ra3 Ke7 49. Kf3 g5 50. Ke2 Nb2 51. Rh3 Nd3 52. Rh2 Kf7 53. Kd2 Kg6 54. Kc3 Kf7 55. Rh7+ Kf8 56. Rh5 Nf4 57. Rxg5 Ne2+ 58. Kd2 Nxd4 59. Ke3 Nc6 60. Rh5 Kg7 61. Kf4 Ne7 62. Kg5 c3 63. Kf4 c2 64. Rh1 Ng6+ 65. Ke3 Nxe5 66. Kd2 Kg6 67. Kxc2 Nxg4 68. Rg1 Kf5 69. Kd3 Ne5+ 70. Ke2 d4 71. Rh1 Ke4 72. Rh4+ Kd5 73. Rh5 Kd6 74. Rh4 Nc6 75. Kd3 Kd5 76. Rh8 e5 77. Rh5 Nd8 78. Rh7 e4+ 79. Kd2 Nc6 80. Rd7+ Ke6 81. Rc7 Ne5 82. Rc8 e3+ 83. Ke2 Kd5 84. Rh8 Ng6 85. Re8 Nf4+ 86. Kf3 Nd3 87. Rxe3 dxe3 1/2-1/2

[Event "GER-ch 79th"]
[Site "Bad Woerishofen "]
[Date "2008.02.21"]
[Round "7"]
[White "Jorczik, Julian Marcel"]
[Black "Meister, Jakob [RUS]"]
[Result "1-0"]
[WhiteElo "2286"]
[BlackElo "2491"]
[EventDate "2008.02.15"]
[PlyCount "75"]

1. d4 g6 2. e4 Bg7 3. c4 c5 4. d5 d6 5. Nc3 e5 6. dxe6 Bxc3+ 7. bxc3 Bxe6 8. Bd3 Nc6 9. Ne2 Qa5 10. O-O Qa6 11. Nf4 Ne5 12. Nxe6 fxe6 13. Be2 O-O-O 14. f4 Nxc4 15. Qd3 d5 16. f5 gxf5 17. exd5 b5 18. Qg3 exd5 19. Qg7 Nf6 20. Rxf5 Nd7 21. Rxd5 Qe6 22. Rxc5+ Nxc5 23. Bg4 Rd1+ 24. Kf2 Ne4+ 25. Ke2 Nxc3+ 26. Kf3 Rd3+ 27. Kf4 Re8 28. Bxe6+ Rxe6 29. Qg8+ Kd7 30. Qxh7+ Kc6 31. Qxd3 Nd5+ 32. Kg5 Ne5 33. Qc2+ Kd7 34. Qh7+ Kc6 35. Kf5 Kd6 36. Bg5 Nd3 37. Rd1 Re5+ 38. Kg6 1-0

[Event "GER-ch 79th"]
[Site "Bad Woerishofen "]
[Date "2008.02.21"]
[Round "7"]
[White "Kesten, Sebastian"]
[Black "Goy, Udo"]
[Result "1-0"]
[WhiteElo "2048"]
[BlackElo "2282"]
[EventDate "2008.02.15"]
[PlyCount "57"]

1. d4 Nf6 2. c4 e6 3. Nc3 Bb4 4. e3 O-O 5. Bd3 Bxc3+ 6. bxc3 d6 7. Ne2 e5 8. Ng3 c5 9. O-O Nc6 10. Bb2 b6 11. f4 Re8 12. fxe5 dxe5 13. Qf3 Qc7 14. Ne4 Nxe4 15. Bxe4 Bb7 16. Bd5 Re7 17. Rad1 Na5 18. dxc5 bxc5 19. e4 Rb8 20. Ba3 Ba6 21. Qf2 Rc8 22. Qe2 Nb7 23. Bc1 Nd6 24. Bg5 Ree8 25. Qg4 Kh8 26. Rd3 Rb8 27. Rg3 Bc8 28. Bd8 Qxd8 29. Qxg7# 1-0

[Event "GER-ch 79th"]
[Site "Bad Woerishofen "]
[Date "2008.02.21"]
[Round "7"]
[White "Krause, Ullrich"]
[Black "Bastian, Herbert"]
[Result "1-0"]
[WhiteElo "2279"]
[BlackElo "2385"]
[EventDate "2008.02.15"]
[PlyCount "61"]

1. Nf3 c5 2. c4 Nc6 3. d4 cxd4 4. Nxd4 g6 5. e4 Bg7 6. Be3 Nf6 7. Nc3 Ng4 8. Qxg4 Nxd4 9. Qd1 Ne6 10. Rc1 d6 11. Bd3 O-O 12. b4 Bd7 13. O-O Nd4 14. f4 f5 15. Bb1 e5 16. Bxd4 exd4 17. Nd5 Be6 18. exf5 Bxd5 19. cxd5 gxf5 20. Bd3 Qd7 21. Qh5 Rae8 22. g4 Re4 23. Rfe1 Rfe8 24. Bxe4 fxe4 25. Rc7 Qxc7 26. Qxe8+ Bf8 27. Qe6+ Kh8 28. Qxe4 Qc3 29. Rd1 Qc8 30. h3 h5 31. Qf5 1-0

[Event "GER-ch 79th"]
[Site "Bad Woerishofen "]
[Date "2008.02.21"]
[Round "7"]
[White "Levin, Felix"]
[Black "Grimberg, Boris"]
[Result "1/2-1/2"]
[WhiteElo "2563"]
[BlackElo "2261"]
[EventDate "2008.02.15"]
[PlyCount "49"]

1. d4 d5 2. c4 c6 3. Nf3 Nf6 4. e3 a6 5. Nc3 b5 6. c5 Bg4 7. Qb3 Nbd7 8. a4 e5 9. Qa3 Rc8 10. axb5 axb5 11. Qa5 Be7 12. Qxd8+ Bxd8 13. Nd2 O-O 14. f3 exd4 15. exd4 Re8+ 16. Kf2 Bf5 17. b4 Nf8 18. Nb3 Ne6 19. Be3 Nd7 20. Be2 Bc2 21. Bd1 Bd3 22. Be2 Bc2 23. Bd1 Bd3 24. Ra2 Bf5 25. Ra1 1/2-1/2

[Event "GER-ch 79th"]
[Site "Bad Woerishofen "]
[Date "2008.02.21"]
[Round "7"]
[White "Lichmann, Peter"]
[Black "Henrichs, Thomas"]
[Result "0-1"]
[WhiteElo "2334"]
[BlackElo "2481"]
[EventDate "2008.02.15"]
[PlyCount "63"]

1. e4 c5 2. Nf3 d6 3. d4 cxd4 4. Nxd4 Nf6 5. Nc3 a6 6. Bc4 e6 7. Bb3 Nbd7 8. O-O Nc5 9. f4 Be7 10. f5 Bd7 11. Qf3 b5 12. fxe6 fxe6 13. Be3 O-O 14. Qg3 Nxb3 15. axb3 b4 16. Na4 Nxe4 17. Rxf8+ Bxf8 18. Qf3 d5 19. Rf1 Qe7 20. Nb6 Rb8 21. Nxd7 Qxd7 22. Qg4 Bc5 23. Kh1 Re8 24. Qe2 Bxd4 25. Bxd4 e5 26. Be3 Re6 27. Ra1 Qc6 28. Ra4 d4 29. Bf2 Rf6 30. Bg1 Rh6 31. Bf2 d3 32. Qe1 0-1

[Event "GER-ch 79th"]
[Site "Bad Woerishofen "]
[Date "2008.02.21"]
[Round "7"]
[White "Namyslo, Holger"]
[Black "Schunk, Thomas"]
[Result "1-0"]
[WhiteElo "2327"]
[BlackElo "2284"]
[EventDate "2008.02.15"]
[PlyCount "103"]

1. e4 d5 2. exd5 Nf6 3. d4 Qxd5 4. c4 Qd8 5. Nf3 g6 6. Be2 Bg7 7. O-O O-O 8. Nc3 c6 9. h3 Bf5 10. Be3 h6 11. Re1 g5 12. g4 Bh7 13. Ne5 Nbd7 14. Nxd7 Nxd7 15. Bf3 Qc7 16. Qe2 Rae8 17. Rad1 e6 18. Qf1 e5 19. d5 e4 20. Bg2 f5 21. gxf5 Bxf5 22. d6 Qa5 23. Bd2 Qd8 24. Nxe4 Ne5 25. Bb4 Bd7 26. Re3 Rf4 27. Bc3 g4 28. Bxe5 Rxe5 29. Rde1 Qh4 30. Qd3 gxh3 31. Bxh3 Rh5 32. Bg2 Rhf5 33. Rg3 Kh8 34. b4 b6 35. Bh3 Rh5 36. Bg2 c5 37. bxc5 bxc5 38. Ree3 Be5 39. Nxc5 Rd4 40. Qb3 Bxd6 41. Nxd7 Bxg3 42. Rxg3 Rxd7 43. Qf3 Rg5 44. Rh3 Rxg2+ 45. Kxg2 Rg7+ 46. Rg3 Qxc4 47. Qf6 Qd5+ 48. Kh2 Qh5+ 49. Rh3 Qg5 50. Rxh6+ Kg8 51. Qe6+ Kf8 52. Rf6+ 1-0

[Event "GER-ch 79th"]
[Site "Bad Woerishofen "]
[Date "2008.02.21"]
[Round "7"]
[White "Naumann, Alexander"]
[Black "Siebrecht, Sebastian"]
[Result "1/2-1/2"]
[WhiteElo "2541"]
[BlackElo "2487"]
[EventDate "2008.02.15"]
[PlyCount "33"]

1. d4 f5 2. g3 Nf6 3. Bg2 g6 4. Nf3 Bg7 5. O-O O-O 6. c4 d6 7. Nc3 Qe8 8. d5 a5 9. Nd4 Na6 10. e4 fxe4 11. Nxe4 Nxe4 12. Bxe4 Bh3 13. Re1 Nc5 14. Bh1 Qf7 15. Be3 Rae8 16. Qd2 e5 17. dxe6 1/2-1/2

[Event "GER-ch 79th"]
[Site "Bad Woerishofen "]
[Date "2008.02.21"]
[Round "7"]
[White "Pajeken, Wolfgang"]
[Black "Tischbierek, Raj"]
[Result "0-1"]
[WhiteElo "2351"]
[BlackElo "2487"]
[EventDate "2008.02.15"]
[PlyCount "74"]

1. d4 Nf6 2. c4 e6 3. Nc3 Bb4 4. Qc2 O-O 5. a3 Bxc3+ 6. Qxc3 b6 7. Bg5 Bb7 8. Nf3 d5 9. cxd5 Bxd5 10. e3 Nbd7 11. Be2 c5 12. Bxf6 Nxf6 13. O-O Bxf3 14. Bxf3 cxd4 15. Qb3 Rc8 16. Rfd1 e5 17. exd4 e4 18. Be2 Qd6 19. Rd2 Rfe8 20. Rad1 Re7 21. d5 h6 22. f3 Rd8 23. Qb4 Qxb4 24. axb4 Ne8 25. Rd4 exf3 26. Bxf3 Rc7 27. R1d3 Nd6 28. Rc3 Rdc8 29. Rdd3 Kf8 30. Bd1 Ke7 31. Re3+ Kd7 32. Be2 a5 33. bxa5 bxa5 34. Rf3 Ke7 35. Rfe3+ Kd8 36. h4 a4 37. Rg3 a3 0-1

[Event "GER-ch 79th"]
[Site "Bad Woerishofen "]
[Date "2008.02.21"]
[Round "7"]
[White "Reuss, Andreas"]
[Black "Gschnitzer, Oswald"]
[Result "0-1"]
[WhiteElo "2326"]
[BlackElo "2408"]
[EventDate "2008.02.15"]
[PlyCount "185"]

1. e4 c5 2. Nf3 d6 3. d4 cxd4 4. Nxd4 Nf6 5. Nc3 Nc6 6. g3 g6 7. Bg2 Bd7 8. Nde2 Bg7 9. O-O O-O 10. b3 Qc8 11. Bb2 Bh3 12. Rb1 Bxg2 13. Kxg2 Rd8 14. Nf4 e6 15. Qf3 Ne5 16. Qe2 Qc6 17. f3 Rac8 18. g4 Ned7 19. Rf2 a6 20. g5 Nh5 21. Nxh5 Bxc3 22. Bxc3 Qxc3 23. Ng3 Rc5 24. h4 Rdc8 25. Rd1 R8c6 26. Rd2 Qa5 27. Qd1 Qc7 28. Nf1 Rc3 29. a4 Nf8 30. Qe2 e5 31. Ne3 Ne6 32. Qe1 Nf4+ 33. Kh1 Qc8 34. Rh2 b5 35. axb5 axb5 36. h5 gxh5 37. Nd5 Nxd5 38. exd5 Ra6 39. Qe4 Ra1+ 40. Kg2 Qf8 41. Rxh5 Qg7 42. Kh2 Rc1 43. Rg2 Qg6 44. Rh6 Qxe4 45. fxe4 R1xc2 46. Rxc2 Rxc2+ 47. Kg3 Rc1 48. Rxd6 Rg1+ 49. Kf3 Rxg5 50. Rd8+ Kg7 51. Re8 Rg1 52. Rxe5 Kf6 53. Re8 Rd1 54. Ke2 Rd4 55. Ke3 Rd1 56. b4 h5 57. Rb8 h4 58. Rxb5 h3 59. e5+ Kf5 60. e6 fxe6 61. dxe6+ Kg4 62. e7 Re1+ 63. Kf2 h2 64. Kxe1 h1=Q+ 65. Kd2 Qh6+ 66. Kc3 Qf6+ 67. Kb3 Qe6+ 68. Ka3 Qxe7 69. Rc5 Kf4 70. Kb3 Ke4 71. Rc4+ Kd3 72. Rc3+ Kd2 73. Rc2+ Kd1 74. Rc5 Qe6+ 75. Ka4 Qa2+ 76. Kb5 Qa3 77. Kc4 Kc2 78. b5 Qb3+ 79. Kd4+ Kd2 80. Rd5 Qb4+ 81. Ke5+ Kc3 82. Ke6 Kc4 83. Rf5 Qe1+ 84. Re5 Qb1 85. Kd6 Qb2 86. Rc5+ Kb4 87. Rd5 Qf6+ 88. Kc7 Qf7+ 89. Kc6 Qe6+ 90. Rd6 Qc8+ 91. Kb6 Qb8+ 92. Kc6 Qxb5+ 93. Kc7 0-1

[Event "GER-ch 79th"]
[Site "Bad Woerishofen "]
[Date "2008.02.21"]
[Round "7"]
[White "Riegler, Dieter"]
[Black "Schuetze, Norman"]
[Result "0-1"]
[WhiteElo "2155"]
[BlackElo "2317"]
[EventDate "2008.02.15"]
[PlyCount "82"]

1. d4 Nf6 2. c4 g6 3. Nc3 Bg7 4. e4 d6 5. Nf3 O-O 6. h3 e5 7. d5 Na6 8. Bg5 Qe8 9. g4 Nd7 10. Rg1 Kh8 11. Be2 f6 12. Be3 Ndc5 13. Nd2 f5 14. gxf5 gxf5 15. Qb1 fxe4 16. Ndxe4 Bf5 17. Rg3 Bg6 18. f3 Nxe4 19. fxe4 Bf6 20. Kd2 Qe7 21. Qh1 Bh4 22. Rg2 Nc5 23. Rg4 a5 24. Qg2 Bh5 25. Bg5 Bxg5+ 26. Rxg5 Bg6 27. Rg1 Rf4 28. Qg3 Qf7 29. h4 Rxe4 30. h5 Rxe2+ 31. Kxe2 Bxh5+ 32. Kd2 Bg6 33. Rh1 Kg7 34. Ke3 Rf8 35. Rh2 Qf1 36. Kd2 Rf3 37. Rxh7+ Kxh7 38. Qh4+ Kg7 39. Rxg6+ Kxg6 40. Qg4+ Kf7 41. Qh5+ Ke7 0-1

[Event "GER-ch 79th"]
[Site "Bad Woerishofen "]
[Date "2008.02.21"]
[Round "7"]
[White "Tabatt, Hendrik"]
[Black "Kachiani Gersinska, Ketino"]
[Result "0-1"]
[WhiteElo "2310"]
[BlackElo "2395"]
[EventDate "2008.02.15"]
[PlyCount "134"]

1. e4 c6 2. d4 d5 3. exd5 cxd5 4. Bd3 Nc6 5. c3 g6 6. Nf3 Nh6 7. Bf4 Bf5 8. Bb5 f6 9. O-O Bg7 10. c4 a6 11. cxd5 axb5 12. dxc6 bxc6 13. Qc1 g5 14. Be3 Qd7 15. h4 g4 16. Nfd2 Nf7 17. Nb3 O-O 18. Nc5 Qe8 19. Nc3 e5 20. Ne2 Bg6 21. Re1 Nd6 22. Ng3 h5 23. Bh6 Nf7 24. Bxg7 Kxg7 25. dxe5 fxe5 26. Qe3 Qe7 27. b4 Rfe8 28. f4 gxf3 29. Qxf3 Qxh4 30. Rad1 Qg4 31. Qb3 Re7 32. Nge4 Rd8 33. Rxd8 Nxd8 34. Re3 Ne6 35. Qb2 Nxc5 36. Nxc5 Qf4 37. Qc3 Kh7 38. g3 Qg5 39. Kh2 e4 40. Qe1 Qf5 41. Kg2 Qd5 42. a3 Qa2+ 43. Kg1 Qd5 44. Qe2 Re8 45. Kh2 Qd4 46. Qe1 Qb2+ 47. Kg1 Qe5 48. Qe2 Kg7 49. Kg2 Rd8 50. Rd3 Rd5 51. Re3 Qd6 52. Qf2 Re5 53. Qb2 Kh7 54. Qe2 Rg5 55. Qf2 h4 56. Nb7 Qe5 57. Nc5 hxg3 58. Rxg3 e3 59. Rxg5 Qxg5+ 60. Qg3 Qd5+ 61. Kf1 Qd1+ 62. Kg2 Qd2+ 63. Kg1 e2 64. Qh2+ Kg8 65. Qb8+ Kg7 66. Qe5+ Kh6 67. Qh2+ Bh5 0-1

[Event "GER-ch 79th"]
[Site "Bad Woerishofen "]
[Date "2008.02.22"]
[Round "8"]
[White "Buhmann, Rainer"]
[Black "Jorczik, Julian Marcel"]
[Result "1-0"]
[WhiteElo "2570"]
[BlackElo "2286"]
[EventDate "2008.02.15"]
[PlyCount "83"]

1. Nf3 Nf6 2. c4 g6 3. Nc3 Bg7 4. e4 d6 5. d4 O-O 6. Be2 e5 7. O-O Nc6 8. d5 Ne7 9. b4 a5 10. bxa5 c5 11. Nd2 Rxa5 12. a4 Ne8 13. Ra3 f5 14. exf5 Nxf5 15. Nde4 Nf6 16. Nxf6+ Qxf6 17. Ne4 Qe7 18. Bg5 Qc7 19. Bg4 Bd7 20. Bd2 Ra6 21. a5 Nd4 22. Rh3 Bf5 23. Ng5 h6 24. Ne6 Nxe6 25. dxe6 Qe7 26. Bxf5 Rxf5 27. Qg4 Kh7 28. Rb1 Ra7 29. Rhb3 Qf6 30. Qe2 Qxe6 31. Rxb7 Rf7 32. Rxf7 Qxf7 33. Rb6 d5 34. h4 e4 35. Rc6 Bd4 36. h5 gxh5 37. Rxh6+ Kg8 38. cxd5 c4 39. Be3 Qg7 40. Qxh5 Bxe3 41. Qe8+ Qf8 42. Rh8+ 1-0

[Event "GER-ch 79th"]
[Site "Bad Woerishofen "]
[Date "2008.02.22"]
[Round "8"]
[White "Fridman, Daniel"]
[Black "Kritz, Leonid"]
[Result "1-0"]
[WhiteElo "2628"]
[BlackElo "2592"]
[EventDate "2008.02.15"]
[PlyCount "107"]

1. d4 d5 2. c4 c6 3. Nf3 Nf6 4. e3 a6 5. Bd3 Bg4 6. Nbd2 e6 7. Qc2 Nbd7 8. b3 Bh5 9. O-O Be7 10. Bb2 Bg6 11. e4 dxe4 12. Nxe4 Nxe4 13. Bxe4 Bxe4 14. Qxe4 O-O 15. Rad1 Bf6 16. Ba3 Re8 17. Bd6 Nf8 18. Be5 Qe7 19. Rd3 Rad8 20. Rfd1 Ng6 21. g3 Nf8 22. h4 h6 23. Qe3 Rd7 24. Kg2 Red8 25. R1d2 Nh7 26. Bf4 Nf8 27. Qe4 Qe8 28. g4 Ng6 29. Bg3 Qe7 30. Kh3 c5 31. dxc5 Rxd3 32. Rxd3 Rxd3 33. Qxd3 Qxc5 34. Qd7 h5 35. gxh5 Qf5+ 36. Kg2 Qxh5 37. Qxb7 Qg4 38. Kf1 e5 39. Qd5 e4 40. Ng5 Bxg5 41. Qxg5 Qd1+ 42. Kg2 Nf8 43. Qe3 Qc2 44. h5 Qxa2 45. h6 Qc2 46. Be5 Ng6 47. Bxg7 Nh4+ 48. Kh3 Nf3 49. Kg3 Nd2 50. Kf4 Nf1 51. Qd4 Qxb3 52. Kg5 Qb8 53. Qf6 Kh7 54. Qxf7 1-0

[Event "GER-ch 79th"]
[Site "Bad Woerishofen "]
[Date "2008.02.22"]
[Round "8"]
[White "Goy, Udo"]
[Black "Bastian, Herbert"]
[Result "0-1"]
[WhiteElo "2282"]
[BlackElo "2385"]
[EventDate "2008.02.15"]
[PlyCount "224"]

1. d4 Nf6 2. c4 g6 3. Nc3 Bg7 4. e4 O-O 5. Nf3 d6 6. Be2 e5 7. O-O Nc6 8. d5 Ne7 9. Kh1 Nd7 10. Ng1 Kh8 11. f4 exf4 12. Bxf4 Ne5 13. Nf3 Nxf3 14. Bxf3 Ng8 15. Qd2 Qe7 16. Rac1 Bd7 17. b4 h6 18. c5 Rae8 19. Rfe1 a6 20. a4 g5 21. Bg3 Be5 22. Bxe5+ Qxe5 23. Rcd1 Nf6 24. g3 a5 25. Qd4 axb4 26. Qxb4 Ng4 27. Rd2 f5 28. Bxg4 fxg4 29. cxd6 cxd6 30. Qd4 Kg7 31. Qxe5+ Rxe5 32. Rb2 Bc8 33. Kg2 Re7 34. Rb6 Rc7 35. Ne2 Rc4 36. Rc1 Rxe4 37. Rc7+ Kf6 38. Nc3 Rd4 39. Kf2 Rd2+ 40. Ke3 Rxh2 41. Ne4+ Ke5 42. Re7+ Kxd5 43. Rxd6+ Kc4 44. Rc7+ Kb4 45. Rd4+ Ka5 46. Rc5+ Ka6 47. Rd6+ Ka7 48. a5 Rf3+ 49. Kd4 Bf5 50. Rb6 Bxe4 51. Kxe4 Rf7 52. Rg6 Re2+ 53. Kd3 Rg2 54. Rxh6 Rxg3+ 55. Ke2 Rb3 56. Rxg5 g3 57. Ke1 Rc7 58. Kd2 Ra3 59. Rh8 Rf7 60. Ke1 Rff3 61. Rh6 Rfb3 62. Rd6 Ra2 63. Rd2 Re3+ 64. Kd1 Ra1+ 65. Kc2 Rf3 66. Kb2 Raf1 67. Kc2 R1f2 68. Kc1 Rf6 69. Rxg3 Rc6+ 70. Kd1 Rf1+ 71. Ke2 Ra1 72. Rg5 Ka6 73. Rdd5 Ra3 74. Rd3 Rxa5 75. Rg8 Ra2+ 76. Ke3 Re6+ 77. Kf3 Rb2 78. Rgd8 b6 79. R3d5 Rb1 80. Kf2 Rb4 81. Ra8+ Kb7 82. Rf8 Kc6 83. Rdf5 Rd4 84. Rc8+ Kb7 85. Rcf8 Rde4 86. R5f7+ Ka6 87. Kf3 Re1 88. Kf2 R6e2+ 89. Kf3 Re5 90. Kf2 Kb5 91. Rf4 R1e4 92. R4f6 Re6 93. Rf3 Kb4 94. Rd3 Re2+ 95. Kf1 Re1+ 96. Kf2 R6e2+ 97. Kf3 Rf1+ 98. Kxe2 Rxf8 99. Kd2 Rc8 100. Rd5 b5 101. Rd4+ Rc4 102. Rd8 Ka4 103. Kd3 Kb3 104. Rb8 b4 105. Rb7 Rc8 106. Kd2 Ka3 107. Ra7+ Kb2 108. Rd7 b3 109. Rd6 Kb1 110. Kd1 b2 111. Kd2 Ra8 112. Kc3 Ka1 0-1

[Event "GER-ch 79th"]
[Site "Bad Woerishofen "]
[Date "2008.02.22"]
[Round "8"]
[White "Graf, Felix"]
[Black "Lichmann, Peter"]
[Result "0-1"]
[WhiteElo "2177"]
[BlackElo "2334"]
[EventDate "2008.02.15"]
[PlyCount "104"]

1. d4 d5 2. Nf3 e6 3. e3 c5 4. Nbd2 Nf6 5. b3 Nc6 6. Bb2 Be7 7. Be2 O-O 8. O-O b6 9. Ne5 Bb7 10. f4 Rc8 11. Rc1 cxd4 12. Nxc6 Bxc6 13. exd4 Qc7 14. Bd3 Bb7 15. Qe2 Bd6 16. g3 Qe7 17. f5 exf5 18. Qxe7 Bxe7 19. Bxf5 Rc7 20. c4 Rd8 21. cxd5 Rxc1 22. Rxc1 Nxd5 23. Be4 Bg5 24. Rc2 f5 25. Bf3 Nb4 26. Rc7 Bd5 27. Bc3 Nxa2 28. Bxd5+ Rxd5 29. Nf3 Bd8 30. Rc8 Nxc3 31. Rxc3 Bf6 32. Kf1 g5 33. Rc8+ Kf7 34. Rc7+ Kg6 35. Rxa7 g4 36. Ne5+ Bxe5 37. dxe5 Rb5 38. e6 Rxb3 39. e7 Kf7 40. e8=Q+ Kxe8 41. Rxh7 b5 42. Kg2 Rb2+ 43. Kg1 b4 44. Rb7 b3 45. Kh1 Kd8 46. Kg1 Kc8 47. Rb5 Kc7 48. Rb4 Kc6 49. Rb8 Kc5 50. Rb7 Kd4 51. Rb8 Ke3 52. Rb5 f4 0-1

[Event "GER-ch 79th"]
[Site "Bad Woerishofen "]
[Date "2008.02.22"]
[Round "8"]
[White "Huschenbeth, Niclas"]
[Black "Neerforth, Philipp"]
[Result "1-0"]
[WhiteElo "2437"]
[BlackElo "2258"]
[EventDate "2008.02.15"]
[PlyCount "75"]

1. e4 e5 2. Nf3 Nc6 3. Bb5 Nf6 4. O-O Nxe4 5. d4 Nd6 6. Bxc6 dxc6 7. dxe5 Nf5 8. Qxd8+ Kxd8 9. Nc3 h6 10. Rd1+ Ke8 11. b3 Be7 12. Ne2 g5 13. h3 c5 14. c4 a5 15. a4 Ng7 16. Nc3 Bf5 17. Be3 b6 18. g4 Bg6 19. Rd2 Ne6 20. Rad1 Rd8 21. Nd5 Be4 22. Nh2 h5 23. gxh5 Rxh5 24. Ng4 Kf8 25. Kh2 Bf3 26. Rg1 c6 27. Nxb6 Rxd2 28. Bxd2 f5 29. Nd7+ Kf7 30. Ngf6 Rh8 31. Bxg5 Nxg5 32. Rxg5 Bg4 33. h4 Rxh4+ 34. Kg2 Bd1 35. Rg3 f4 36. Rd3 Bc2 37. Rc3 Bf5 38. Nb8 1-0

[Event "GER-ch 79th"]
[Site "Bad Woerishofen "]
[Date "2008.02.22"]
[Round "8"]
[White "Kachiani Gersinska, Ketino"]
[Black "Wehner, Janis"]
[Result "1-0"]
[WhiteElo "2395"]
[BlackElo "2184"]
[EventDate "2008.02.15"]
[PlyCount "57"]

1. d4 Nf6 2. c4 e6 3. g3 Bb4+ 4. Bd2 Be7 5. Bg2 d5 6. Nf3 O-O 7. O-O c6 8. Bf4 b6 9. Nc3 Bb7 10. Qd3 Nbd7 11. b3 c5 12. cxd5 Nxd5 13. Nxd5 exd5 14. Rad1 a5 15. Ne5 Nf6 16. dxc5 bxc5 17. Nc4 Ra7 18. Ne3 d4 19. Bxb7 Rxb7 20. Nf5 Nd5 21. Be5 f6 22. Bxd4 cxd4 23. Qxd4 Rd7 24. e4 Nb6 25. Nxe7+ Kf7 26. Nd5 Nxd5 27. Qc4 Re8 28. Rxd5 Rxd5 29. exd5 1-0

[Event "GER-ch 79th"]
[Site "Bad Woerishofen "]
[Date "2008.02.22"]
[Round "8"]
[White "Kunin, Vitaly L"]
[Black "Baramidze, David"]
[Result "1/2-1/2"]
[WhiteElo "2538"]
[BlackElo "2582"]
[EventDate "2008.02.15"]
[PlyCount "161"]

1. Nf3 Nf6 2. g3 d5 3. Bg2 c6 4. O-O Bg4 5. d4 Nbd7 6. Nbd2 e6 7. Re1 Be7 8. e4 dxe4 9. Nxe4 O-O 10. c3 Qb6 11. Nxf6+ Bxf6 12. Qc2 Bf5 13. Qe2 h6 14. Be3 Be7 15. d5 c5 16. Bf4 Rfe8 17. dxe6 Bxe6 18. Ne5 Nxe5 19. Bxe5 Rad8 20. a4 Bd6 21. Qb5 Qxb5 22. axb5 Bxe5 23. Rxe5 b6 24. f4 Bc4 25. Bc6 Rxe5 26. fxe5 g5 27. Ra4 Rd1+ 28. Kf2 Rd2+ 29. Ke3 Re2+ 30. Kf3 Bb3 31. Rxa7 Rxb2 32. Rb7 Rc2 33. Rxb6 Rxc3+ 34. Ke4 Kg7 35. Rb8 Bd1 36. e6 fxe6 37. Ke5 Re3+ 38. Kd6 c4 39. b6 Rb3 40. b7 c3 41. Rc8 c2 42. Be4 Rb6+ 43. Kd7 Kf6 44. Rc5 Rb1 45. h3 h5 46. Kc7 c1=Q 47. Rxc1 Rxc1+ 48. Kd6 Bf3 49. b8=Q Rd1+ 50. Kc5 Bxe4 51. Qh8+ Kg6 52. Qe8+ Kf6 53. Qxh5 Rd5+ 54. Kc4 Bd3+ 55. Kc3 Bg6 56. Qh8+ Kf7 57. Qb8 Rd3+ 58. Kc4 Rd5 59. Qb2 Bd3+ 60. Kc3 Bg6 61. Qf2+ Kg7 62. Qh2 Rd3+ 63. Kc4 Rd5 64. g4 Bd3+ 65. Kc3 Bg6 66. h4 gxh4 67. Qxh4 Rd3+ 68. Kc4 Rd5 69. g5 Rf5 70. Kd4 Rd5+ 71. Ke3 Rf5 72. Qd4+ Kh7 73. Qd8 Kg7 74. Qd4+ Kh7 75. Qh4+ Kg7 76. Qh6+ Kf7 77. Ke2 Rf4 78. Qh2 Rf5 79. Qc7+ Kg8 80. Ke3 Bf7 81. Qg3 1/2-1/2

[Event "GER-ch 79th"]
[Site "Bad Woerishofen "]
[Date "2008.02.22"]
[Round "8"]
[White "Namyslo, Holger"]
[Black "Tabatt, Hendrik"]
[Result "0-1"]
[WhiteElo "2327"]
[BlackElo "2310"]
[EventDate "2008.02.15"]
[PlyCount "80"]

1. e4 c5 2. Nf3 a6 3. c3 d6 4. d4 Qc7 5. Be2 Nd7 6. Be3 Ngf6 7. Nbd2 e6 8. O-O b6 9. Re1 Bb7 10. Bd3 Be7 11. Bf4 Nh5 12. Be3 Nhf6 13. h3 b5 14. Bf4 Qb6 15. a4 O-O 16. a5 Qc7 17. e5 Nd5 18. Bg3 cxd4 19. cxd4 dxe5 20. dxe5 Nc5 21. Bb1 Rfd8 22. Qe2 Nb4 23. Rc1 Qd7 24. Rc3 Na4 25. Re3 Nxb2 26. Kh2 Rac8 27. Ne4 Bxe4 28. Rxe4 Nc4 29. Bh4 g6 30. Rd4 Qa7 31. Rxd8+ Rxd8 32. Bxe7 Qxe7 33. Be4 Qc7 34. g3 Nxe5 35. h4 Qc4 36. Qb2 Ng4+ 37. Kh3 Qxe4 38. Ng5 Qd4 39. Qxd4 Rxd4 40. Nf3 Rd1 0-1

[Event "GER-ch 79th"]
[Site "Bad Woerishofen "]
[Date "2008.02.22"]
[Round "8"]
[White "Reuss, Andreas"]
[Black "Riegler, Dieter"]
[Result "1-0"]
[WhiteElo "2326"]
[BlackElo "2155"]
[EventDate "2008.02.15"]
[PlyCount "135"]

1. d4 Nf6 2. c4 g6 3. Nc3 Bg7 4. e4 d6 5. Nf3 O-O 6. Be2 Nbd7 7. h3 e5 8. d5 Nc5 9. Nd2 a5 10. Qc2 Bd7 11. Nb3 Nxb3 12. Qxb3 Ne8 13. g4 b6 14. Be3 Qh4 15. Rg1 Kh8 16. O-O-O f5 17. Rdf1 a4 18. Qc2 a3 19. b3 Bh6 20. g5 f4 21. Bd2 Bxg5 22. Bg4 Bxg4 23. Rxg4 Qh6 24. Rh1 Nf6 25. Rg2 Bh4 26. Qd1 Rf7 27. Kc2 Qf8 28. Qf3 Qc8 29. Nb5 Qd7 30. Bb4 Ra6 31. Kb1 Rf8 32. Qd3 Rfa8 33. f3 Nh5 34. Qd1 Ng3 35. Rhh2 Be7 36. Qc1 Bh4 37. Bxa3 Nh5 38. Bb2 Bg3 39. Rh1 Nf6 40. a4 Kg8 41. Nc3 Ne8 42. Na2 Nf6 43. Nb4 R6a7 44. Nc6 Rb7 45. Bc3 Qf7 46. Be1 Bxe1 47. Qxe1 Kh8 48. Ra2 Nd7 49. Kc2 Qf6 50. h4 Rg8 51. Kc3 Nb8 52. Nb4 Ra7 53. Qg1 Ra8 54. Qg5 Nd7 55. Nc6 Qxg5 56. hxg5 Rge8 57. Rah2 Nf8 58. Rh6 Kg7 59. Kb4 Ra6 60. Kb5 Raa8 61. b4 Kg8 62. a5 bxa5 63. bxa5 Kg7 64. a6 Kg8 65. a7 Kg7 66. Ka6 Kg8 67. Kb7 Nd7 68. Rxh7 1-0

[Event "GER-ch 79th"]
[Site "Bad Woerishofen "]
[Date "2008.02.22"]
[Round "8"]
[White "Salov, Sergej"]
[Black "Kesten, Sebastian"]
[Result "1/2-1/2"]
[WhiteElo "2282"]
[BlackElo "2048"]
[EventDate "2008.02.15"]
[PlyCount "31"]

1. Nf3 c5 2. e4 Nc6 3. d4 cxd4 4. Nxd4 e5 5. Nb5 a6 6. Nd6+ Bxd6 7. Qxd6 Qf6 8. Qd1 Qg6 9. Nc3 d5 10. Nxd5 Qxe4+ 11. Be3 Nd4 12. Nc7+ Ke7 13. Qd3 Nxc2+ 14. Kd2 Qxd3+ 15. Bxd3 Nxe3 16. Nxa8 1/2-1/2